1555 1184 1088 1312 1521 1954 1619 1423 1629 1625 1231 1982 1338 1034 1868 1910 1450 1611 1140 1372 1197 1144 1663 1679 1088 1592 1620 1998 1538 1061 1217 1829 1064 1205 1362 1866 1904 1377 1576 1859 1359 1985 1023 1936 1014 1968 1968 1900 1235 1236 1683 1158 1111 1153 1591 1352 1462 1929 1318 1047 1862 1564 1811 1861 1569 1645 1198 1839 1337 1997 1004 1878 1686 1953 1671 1336 1015 1360 1363 1873 1317 1183 1319 1825 1013 1585 1171 1485 1268 1861 1438 1471 1096 1279 1051 1392 1668 1885 1597 BCNSPRNW ULIB Ver.6.0+V

เปลี่ยนเป็นภาษาไทย

Change to English
 แสดงรายละเอียดบรรณานุกรม
  กลับหน้าหลัก

Brief Record : Get Marc (ISO 2709) : E-mail record : QR code < ปิดหน้าต่าง
LEADER : 00000nam 2200000uu 4500
001    13399128045
003     ULIB
008    220128s2563||||th 000 0 tha d
020    ^a9786160040209
050    ^aนว^bม721ก
100 0  ^aเมญาณี
245 10 ^aกลิ่นจันทน์ /^cเมญาณี
250    ^aพิมพ์ครั้งที่ 1
260    ^aกรุงเทพฯ: ^bพิมพ์คำสำนักพิมพ์,^c2563
300    ^aa392 หน้า ;^c21 ซม.
520    ^aหม่อมเจ้าทัตเทพปรี่มาเวเคชันที่ไร่เมืองเหนือ ซึ่งแอบซื้อไว้ทันทีที่ได้รับอนุญาต ตั้งใจไว้ว่าจะมาปลีกวิเวก หลีกหนีจากความวุ่นวายทั้งปวง ทว่าเพียงแค่มาถึงหน้าประตูเข้าไร่ก็เจอกับการต้อนรับอันแสนจะตื่นตาและร้าวระบม เพราะเข้าใจผิดคิดว่าผู้บุกรุกยามวิกาลเป็น "โจร" กลิ่นจันทร์จึงฟาดไม้ใส่ไม่ยั้ง "เฮ้ย! หยุดนะ เธอเป็นใคร กล้าดียังไงถึงได้มาทำร้ายฉันแบบนี้" "ใคร ๆ ก็มีสิทธิ์ตีโจร จับโจรส่งตำรวจทั้งนั้น!" แม้การเจอกันครั้งแรกจะไม่ประทับใจและออกจะขัดหูขัดตาอยู่มาก ทว่าเสน่ห์ของหญิงสาวจากแดนสิบสองปันนา กลับค่อย ๆ หลอมละลาย ตราตรึง และทำให้ราชนิกุลหนุ่ม "โปรด" เพิ่มขึ้นได้ในทุกวัน หากจะเปรียบทัศนยภาพรอบวรกายว่า "งามจับตา" ภาพใบหน้าอ่อนเยาว์ของนางอัปสรา ยามต้องแสงสุริยาก็นับว่างามจับใจ "เป็นเมียฉันได้หรือไม่กลิ่นจันทร์" -- ปกหลัง
650  7 ^aนวนิยาย
945    ^p280^l0^i29190
999    ^aกัณชพร จุลอักษร
รายการนี้ยังไม่มีแท็ก
คุณยังไม่ได้ล็อกอิน คุณสามารถมีกิจกรรมร่วมกับเว็บไซต์ได้ แต่ต้องล็อกอินก่อน ::
  ล็อกอิน

รายการสื่อสารสนเทศ

ลำดับที่ ประเภท เลขเรียก/บาร์โค้ด สถานที่ สถานะ
1. วิทยาศาสตร์การแพทย์ และสุขภาพ
วิทยาศาสตร์การแพทย์ และสุขภาพ
นว ม721ก ฉ.1 
  Barcode: 29190
ห้องสมุดวิทยาเขตนครสวรรค์
►นวนิยาย:l:Fiction
บนชั้น

รายการใกล้เคียง
    ผู้แต่ง [เมญาณี]

    หัวเรื่อง [นวนิยาย]

BibComment


ยังไม่เคยถูกคอมเมนท์

คอมเมนท์ทรัพยากรรายการนี้
  คอมเมนท์: กลิ่นจันทน์ เมญ..


 Copyright 2026. Bcnsprnw @Library